000 01443nam a2200361 a 4500
001 000109306
003 CHAP
005 20220329144045.0
008 140416s2013 mx a sm |||||||spa d
010 _a105768
011 _a106740
040 _cCHAP
090 _aTesis
100 1 _aEspinosa Garrido, Bibiana
_9126656
245 1 0 _aCaracterización variental, valor nutricional y estudio sensorial en tres variedades de amaranto (Amarantus hypochondriaus L.) /
_h[En línea]
_cpor Bibliana Espinosa Garrido y Elvia Espinosa Garrido.
260 _aChapingo, Méx. :
_bEl autor,
_c2013.
500 _aPara ver el contenido del material haga clic en la liga
502 _aTesis (Ing. Agr. Esp. en Agroindustrial) -- UACH. Departamento de Ingeniería Agroindustrial
502 _aTesis (Ing. Agr. Esp. en Fitotecnia) -- UACH. Departamento de Fitotecnia
590 _aBATCH-UPD
_b05
_c20141002
_lUCH01
_h0901
590 _aE11695DGD
_b10
_c20141103
_lUCH01
_h0929
590 _aE5652GLJ
_b05
_c20140416
_lUCH01
_h1304
590 _aE5652GLJ
_b05
_c20140416
_lUCH01
_h1305
650 1 4 _aAmaranto
_xFisiología y morfología.
_95125
650 1 4 _aAmaranto
_xGenética.
_95126
650 1 4 _aAmaranto
_xRendimiento.
_95140
650 1 4 _aAmaranto
_xVariedades.
_95146
700 1 _aEspinosa Garrido, Elvia
_9126657
856 _aFinding aid
_uhttp://10.13.5.2/tesis/sist109306.pdf
_zTeclea aquí
901 _aBK
942 _cTESIS
942 _n0
999 _c105768
_d105768